000 00626nam a2200241Ia 4500
001 2752
005 20240113233553.0
007 ta
008 050301s1930 g b000 u hin u
040 _aCotton College,Assam
041 _ahin
082 _a891.43
_bB 59 H
100 _aBarma, Dhirendu .
245 0 _aHindi-Rastra ya Suba Hindustan /
_cDhirendu Barma.
_hTextual Documents
250 _a1st ed /
260 _aAllahabad :
_bLider Press ,
_c1930.
300 _a78p. ;
_c18cm..
653 _aHindi literature
653 _aGen-Hindi
942 _2ddc
_cBK
999 _c2745
_d2745